<?xml version="1.0" encoding="UTF-8"?>
<record
    xmlns:xsi="http://www.w3.org/2001/XMLSchema-instance"
    xsi:schemaLocation="http://www.loc.gov/MARC21/slim http://www.loc.gov/standards/marcxml/schema/MARC21slim.xsd"
    xmlns="http://www.loc.gov/MARC21/slim">

  <leader>02047nam a22002657a 4500</leader>
  <controlfield tag="005">20211130153628.0</controlfield>
  <controlfield tag="008">211130b           ||||| |||| 00| 0 eng d</controlfield>
  <datafield tag="020" ind1=" " ind2=" ">
    <subfield code="a">8170493323</subfield>
  </datafield>
  <datafield tag="040" ind1=" " ind2=" ">
    <subfield code="c">AL</subfield>
  </datafield>
  <datafield tag="041" ind1=" " ind2=" ">
    <subfield code="a">eng</subfield>
  </datafield>
  <datafield tag="082" ind1=" " ind2=" ">
    <subfield code="2">23</subfield>
    <subfield code="a">352.37</subfield>
    <subfield code="b">SINI</subfield>
  </datafield>
  <datafield tag="100" ind1=" " ind2=" ">
    <subfield code="a">V K Singh</subfield>
    <subfield code="9">11067</subfield>
  </datafield>
  <datafield tag="245" ind1=" " ind2=" ">
    <subfield code="a">India'a external Intelligence: Secrets of Research and Analysis Wing </subfield>
  </datafield>
  <datafield tag="260" ind1=" " ind2=" ">
    <subfield code="a">New Delhi</subfield>
    <subfield code="b">Manas Publications</subfield>
    <subfield code="c">2007</subfield>
  </datafield>
  <datafield tag="300" ind1=" " ind2=" ">
    <subfield code="a">185 p.</subfield>
    <subfield code="b">HB</subfield>
    <subfield code="c">23x15 cm.</subfield>
  </datafield>
  <datafield tag="365" ind1=" " ind2=" ">
    <subfield code="b">495.00</subfield>
    <subfield code="c">&#x20B9;</subfield>
    <subfield code="d">495.00</subfield>
  </datafield>
  <datafield tag="520" ind1=" " ind2=" ">
    <subfield code="a">2The Present Book Is The First Account By A Person Who Has Actually Served In Raw At A Senior Level. Though Not An Insider, He Was Part Of The Organisation For A Little Less Than Four Years And Was Able To See Its Functioning From Close Quarters. Since He Was Concerned With Signal Intelligence Rather Than Human Intelligence Operations, Most Of The Coverage Is Devoted To The Former. The Book Brings To Light Several Lacunae In The Functioning Of The Country'S Top Intelligence Agency, The Most Glaring Being The Anomalies In Procurement Of Equipment, Lack Of Accountability And Our Dependence On Foreign Sources, With The Resultant Threat To National Security. Some Of The Hitherto Untold Stories Recounted In The Book Are: -1. How Equipment Was Purchased From Foreign Companies At Prices That Were More Ten Times The Market Price By Altering Technical Parameters. 2. How The Security Of The Prime Minister Was Almost Compromised For A Few Pieces Of Silver.3. The Circumstances Leading To The Death Of One Of Raw'S Brightest Officers, Vipin Handa. 4. The Stories Of Moles In The Country'S Top Intelligence Agencies, Including That Of Rabinder Singh. 5. The Bitter Rivalry Between Raw And Ib, And Its Effects.The Modus Operandi Of Foreign Intelligence Agencies In Recruiting Moles In India.</subfield>
  </datafield>
  <datafield tag="650" ind1=" " ind2=" ">
    <subfield code="a">Military Science</subfield>
    <subfield code="9">11061</subfield>
  </datafield>
  <datafield tag="650" ind1=" " ind2=" ">
    <subfield code="a">Soldier to Spy</subfield>
    <subfield code="9">11062</subfield>
  </datafield>
  <datafield tag="650" ind1=" " ind2=" ">
    <subfield code="a">Telecom Divison</subfield>
    <subfield code="9">11063</subfield>
  </datafield>
  <datafield tag="650" ind1=" " ind2=" ">
    <subfield code="a">VSAT Project</subfield>
    <subfield code="9">11064</subfield>
  </datafield>
  <datafield tag="650" ind1=" " ind2=" ">
    <subfield code="a">Signals Intelligence</subfield>
    <subfield code="9">11065</subfield>
  </datafield>
  <datafield tag="700" ind1=" " ind2=" ">
    <subfield code="a">SINGH (V K)</subfield>
    <subfield code="9">11066</subfield>
  </datafield>
  <datafield tag="942" ind1=" " ind2=" ">
    <subfield code="2">ddc</subfield>
    <subfield code="c">GF</subfield>
  </datafield>
  <datafield tag="999" ind1=" " ind2=" ">
    <subfield code="c">220846</subfield>
    <subfield code="d">220846</subfield>
  </datafield>
  <datafield tag="952" ind1=" " ind2=" ">
    <subfield code="0">0</subfield>
    <subfield code="1">0</subfield>
    <subfield code="2">ddc</subfield>
    <subfield code="4">0</subfield>
    <subfield code="7">0</subfield>
    <subfield code="8">OTH</subfield>
    <subfield code="a">AL</subfield>
    <subfield code="b">AL</subfield>
    <subfield code="d">2013-03-24</subfield>
    <subfield code="l">0</subfield>
    <subfield code="o">352.37 SINI</subfield>
    <subfield code="p">GF00506</subfield>
    <subfield code="r">2021-11-30 00:00:00</subfield>
    <subfield code="w">2021-11-30</subfield>
    <subfield code="y">GF</subfield>
  </datafield>
</record>
